| 000 | 02277nam0a2200385 i 4500 | ||
|---|---|---|---|
| 001 | RU\NLR\BIBL_A\010970623 | ||
| 005 | 20260409075815.0 | ||
| 010 |
_a9785767721313 _9300 |
||
| 021 |
_aRU _b2016-1852 _9113 |
||
| 035 | _a(NILC)RuMoRGB-008118931 | ||
| 035 | _a(NLR Aleph) 010970623 | ||
| 090 |
_a10820355 _c10820355 |
||
| 100 | _a20160203d2015 km y0rusy50 ca | ||
| 101 | 0 | _arus | |
| 102 | _aRU | ||
| 105 | _aa|||z|||000yy | ||
| 200 | 1 |
_aПроблемы финансового и организационно-правового обеспечения бесплатной юридической помощи в Приволжском федеральном округе _fА. Ю. Александров, С. Б. Верещак, Е. В. Иванова, О. А. Иванова _g[науч. ред.: С. В. Тасаков] _gМ-во образования и науки Рос. Федерации, Федер. гос. бюджет. образоват. учреждение высш. проф. образования, "Чуваш. гос. ун-т им. И.Н. Ульянова" |
|
| 210 |
_aЧебоксары _cИзд-во Чувашского университета _d2015 |
||
| 215 |
_a161, [1] с. _cил. _d20 |
||
| 320 | _aБиблиогр.: с. 118-135 (157 назв.) и в подстроч. примеч. | ||
| 606 |
_aЮридическая помощь _yРоссийская Федерация _3RU\NLR\AUTH\661517960 _92566616 |
||
| 610 | 0 | _aбесплатная юридическая помощь | |
| 675 | _a347.9 | ||
| 686 | 1 | _aХ629.08 | |
| 686 | 1 | _aХ629.219 | |
| 701 | 1 |
_8rus _7ca _aАлександров _bА. Ю. _cканд. юрид. наук _gАндрей Юрьевич _3RU\NLR\AUTH\7726595 _99634 |
|
| 701 | 1 |
_aВерещак _bС. Б. _gСветлана Борисовна |
|
| 701 | 1 |
_7ca _8rus _aИванова _bЕ. В. _cканд. юрид. наук _gЕлена Витальевна _974337 _3RU\NLR\AUTH\7791410 |
|
| 701 | 1 |
_aИванова _bО. А. _gОльга Андреевна |
|
| 702 | 1 |
_4340 _aТасаков _bС. В. _cд-р юрид. наук _gСергей Владимирович _9151432 _3RU\NLR\AUTH\770151470 |
|
| 801 | 0 |
_aRU _bРГБ _c20160120 _gRCR |
|
| 942 | _cBOOK | ||
| 980 | _aNBR | ||